000 00954nam a22003137a 4500
003 CHAP
005 20220329140405.0
008 971013s1986 r 00010 d
010 _a51324
011 _a52296
035 _a56446
040 _cCHAP
082 _a330
_bS34Y 1983
100 0 0 _aSamuelson, Paul Anthony.
_9101944
245 _aEconomía
260 _aMéxico, D.F. :
_bMcGraw-Hill,
_c1986
300 _a1156 p.
500 _aTrad. de: Economics 12 ed. 1983
590 _aBATCH-UPD
_b10
_c20130109
_lUCH01
_h2342
590 _aBATCH-UPD
_b10
_c20130110
_lUCH01
_h1838
590 _aBATCH-UPD
_b10
_c20130410
_lUCH01
_h1209
590 _aBATCH-UPD
_b10
_c20130914
_lUCH01
_h1231
590 _aCONVERSION
_b10
_c20130109
_lUCH01
_h1328
650 1 4 _aEconomía.
_935226
700 0 _aNordhaus, William D.
_981723
901 _aBK
942 _cLIBRO
949 _a330 S34Y 1983
_bBC
_cLIBRO
_d33724000960308
_eLIBRO
_gI.142960
_h74096
_i56446
_si
_t48.10
999 _c51324
_d51324